000 00673nam a2200193Ii 4500
003 JO-AjNU
008 230605s9999||||xx |||||||||||||| ||und||
040 _aJO-AjNU
_bara
_erda
_cJO-AjNU
041 _aara
050 1 4 _aUG447 2005
100 3 _aتاليف امين، سامر محي الدين,
_eauthor
_917605
245 0 0 _aالحروب الفتاكة للبشرية (الحروب البيولوجية )
264 3 1 _aعمان:دار زهران للنشر والتوزيع، 2005
300 _a240ص
336 _atext
_btxt
_2rdacontent
337 _aunmediated
_bn
_2rdamedia
338 _avolume
_bnc
_2rdacarrier
650 4 _aالحرب البيولوجية
_917606
999 _aA5472
_c9040
_d9040